000 00587nam a22001937a 4500
003 OSt
005 20150905095929.0
008 140221t xxu||||| |||| 00| 0 eng d
020 _a9710812203
050 _aQC 37
_b.W582 1979
100 _aWhite, Marsh W.
_930525
245 _aExperimental college physics :
_blaboratory manual /
_cMarsh W. White, Kenneth V. Manning.
260 _aNew York :
_bMcGRAW-HILL Book Company,
_c1979.
300 _axii, 347 pages :
_billustrations ;
_c24 cm.
500 _aIncludes index.
650 _aPhysics.
942 _2lcc
_cBK
_kFOR
999 _c284598
_d284598